000 00544nam a2200181 a 4500
001 000022464
005 20200930021628.0
008 101011s2006 cu 000 0 spa d
020 _a9591105118
040 _aDO-SdBNP
_bspa
_cBNPHU
082 _axxx
_bF471b
100 1 _aFigarola, Joel James
_946295
245 1 3 _aLa brujería cubana :
_bel palo monte /
_cJoel James Figarola.
260 _aLa Habana :
_bOriente,
_c2006.
300 _a314 p. ;
_c23 cm.
500 _aIncluye datos biográficos del autor en la contracubierta
049 _aBNPD
999 _c21962
_d21962